Cementerio de animales / (Registro nro. 358)
[ vista simple ]
| 000 -LEADER | |
|---|---|
| fixed length control field | 00549nam a22001817a 4500 |
| 003 - CONTROL NUMBER IDENTIFIER | |
| control field | OSt |
| 005 - DATE AND TIME OF LATEST TRANSACTION | |
| control field | 20241014115713.0 |
| 008 - FIXED-LENGTH DATA ELEMENTS--GENERAL INFORMATION | |
| fixed length control field | 230705s2018 spa||||| |||| 00| 1 spa d |
| 020 ## - INTERNATIONAL STANDARD BOOK NUMBER | |
| International Standard Book Number | 9789877253740 |
| 040 ## - CATALOGING SOURCE | |
| Language of cataloging | spa |
| Transcribing agency | besoc |
| 100 1# - MAIN ENTRY--PERSONAL NAME | |
| Personal name | King, Stephen |
| Dates associated with a name | (1947-) |
| Relator term | autor |
| 245 10 - TITLE STATEMENT | |
| Title | Cementerio de animales / |
| Statement of responsibility, etc. | Stephen King ; traducción de Ana Ma. de la Fuente |
| 250 ## - EDITION STATEMENT | |
| Edition statement | 1a ed. |
| 260 ## - PUBLICATION, DISTRIBUTION, ETC. | |
| Place of publication, distribution, etc. | Buenos Aires : |
| Name of publisher, distributor, etc. | Debolsillo, |
| Date of publication, distribution, etc. | 2023 |
| 300 ## - PHYSICAL DESCRIPTION | |
| Extent | 480 p. |
| 650 #4 - SUBJECT ADDED ENTRY--TOPICAL TERM | |
| Topical term or geographic name entry element | Literatura norteamericana |
| Form subdivision | Novelas |
| General subdivision | Terror |
| Chronological subdivision | Siglo XX |
| -- | Siglo XXI |
| 942 ## - ADDED ENTRY ELEMENTS (KOHA) | |
| Source of classification or shelving scheme | Universal Decimal Classification |
| Koha item type | Obra General |
| Suppress in OPAC | No |
| Withdrawn status | Lost status | Source of classification or shelving scheme | Damaged status | Not for loan | Collection | Home library | Current library | Date acquired | Total checkouts | Total renewals | Full call number | Barcode | Date last seen | Date last checked out | Price effective from | Koha item type |
|---|---|---|---|---|---|---|---|---|---|---|---|---|---|---|---|---|
| Universal Decimal Classification | Colección General | Biblioteca Escuela de Ciencias Sociales | Biblioteca Escuela de Ciencias Sociales | 14/10/2024 | 1 | 1 | 82-312.4(73) K52 | 001265 | 03/08/2025 | 03/06/2025 | 14/10/2024 | Obra General |